แสดงรายละเอียดบรรณานุกรม
  กลับหน้าหลัก

Brief Record : Get Marc (ISO 2709) : E-mail record : QR code ปิดหน้าต่าง
E-books : เกี่ยวกับ Collections
LEADER 00000nam 2200000uu 4500
001    213655
003     ULIBM
008    230730s||||||||th 000 0 tha d
020    ^a9786163810373
041 1  ^atha^hchi
050  4 ^aPL1121 ^bอ335ก 2565
100 0  ^aอรพินท์ อัจฉริยกาญจน์
245 10 ^aเก่งพูดจีนใน 101 ชั่วโมง /^cอรพินท์ อัจฉริยกาญจน์
250    ^aพิมพ์ครั้งที่ 2
260    ^aกรุงเทพฯ :^bสำนักพิมพ์ Life Balance,^c2565, [2022]
300    ^a511 หน้า :^bภาพประกอบ ;^c21 ซม.
650  0 ^aChinese language^xTextbooks for foreign speakers
650  4 ^aภาษาจีน ^xบทสนทนาและวลี
650  4 ^aภาษาจีน^xตำราสำหรับชนต่างชาติ
999    ^aใช้งานได้ทุกระบบ
รายการนี้ยังไม่มีแท็ก
คุณยังไม่ได้ล็อกอิน คุณสามารถมีกิจกรรมร่วมกับเว็บไซต์ได้ แต่ต้องล็อกอินก่อน ::
  ล็อกอิน
ลำดับที่ ประเภท เลขเรียก สถานที่ สถานะ
1. หนังสือทั่วไป
หนังสือทั่วไป
PL1121 อ335ก 2565 ฉ.1 
  
หนังสือทั่วไป On Shelf
  ขอยืม
Note:บริจาค
2. หนังสือทั่วไป
หนังสือทั่วไป
PL1121 อ335ก 2565 ฉ.2 
  
หนังสือทั่วไป On Shelf
  ขอยืม
Note:บริจาค
   [แสดง 2/2 รายการ]

BibComment


ยังไม่เคยถูกคอมเมนท์

คอมเมนท์ทรัพยากรรายการนี้
  คอมเมนท์: เก่งพูดจีนใน 101..
Bib 213655

 
 
 

 Union Library Management : ULibM
Copyright 2026. All Rights Reserved.
скачать бесплатно без регистрации порно красивый секс HD Sex Hindi sex

xxx gou

xxxx

bfxxx

xxxwww

Секса Видео

xxxx

Секса Видео

detube

geilexxx

C99 Shell

worms shell

blod xxx video
Ebony Coed Rihanna Rimes Takes A Dick In Her Young Twat priyaa indian fuck anal and pusssy hardcore indian women xxx desi hardcore fucking part 1 bengalixxxcouple